コンテンツを見る
VuFind
言語
English
Deutsch
Español
Français
Italiano
日本語
Nederlands
Português
Português (Brasil)
中文(简体)
中文(繁體)
Türkçe
עברית
Gaeilge
Cymraeg
Ελληνικά
Català
Euskara
Русский
Čeština
Suomi
Svenska
polski
Dansk
slovenščina
اللغة العربية
বাংলা
Galego
Tiếng Việt
Hrvatski
हिंदी
全フィールド
タイトル
著者
主題
請求記号
ISBN/ISSN
タグ
検索
詳細検索
フィルターのリセット
関連のトピックス:
E-publishing -software
フィルターのリセット
フィルター表示 (1)
関連のトピックス:
E-publishing -software
検索
Darsananagalude rithubhethanga...
この資料を引用
この資料をメール
印刷
エクスポート
エクスポート先: RefWorks
エクスポート先: EndNoteWeb
エクスポート先: EndNote
permanent_link
ロード中...
Darsananagalude rithubhethangal
書誌詳細
第一著者:
Sachidanandan
所蔵
その他の書誌記述
類似資料
MARC表示
LEADER
00185 a2200097 4500
020
260
942
|c
BK
|6
_
245
|a
Darsananagalude rithubhethangal
100
|a
Sachidanandan
999
|c
63444
|d
63444
類似資料
Darshanangalude rithubhethangal /
著者:: Sachidanandan
出版事項: (2010)
Rithubhethangal /
著者:: Kamaleswar
出版事項: (1985)
DARSHANANGALUDE RITHUBHETHANGAL
著者:: SACHIDHANANDHAN
Sachidaanandante sambhaashanangal
著者:: Sachidanandan
出版事項: (1989)
Desadanam
著者:: Sachidanandan
出版事項: (1994)
ロード中...